000 00703nam a2200193 i 4500
001 58526
003 ES-MaACL
005 20230906163828.0
007 t|
008 031022s1908 fr |||| | spa d
100 1 _aDujardin, J.
_945951
245 1 0 _aResumen en español de la noticia francesa sobre instrumentos enológicos de recisión
_b: vulgarización de la química enológica y de sus aplicaciones generales a la vinificación /
_cJ. Dujardin.
260 _aParís :
_bSuc. de Salleron,
_c[1908]
300 _a200 p. ;
_c25 cm.
500 _aCorresponde a la 4ª ed. de la noticia francesa.
650 0 4 _aEnología.
_9135989
650 4 _aVinificación.
_9156738
852 _aES-MaACL
_jG-5348
999 _c58526
_d58526